000 00498nam a2200181Ia 4500
003 GCL
008 140319s9999 xx 000 0 ara d
040 _aGCL /
_cGCL
082 0 4 _aم
_b413.4
_bك ق
100 1 _aكازيمر سكى
245 1 0 _aقاموس عربى فرنسى /
_cكازيمر سكى
300 _aمتعدد
490 _aماذا اعرف
_v0
650 0 4 _aاللغة الفرنسية
650 0 4 _aاللغة العربية
650 0 4 _aالمعاجم
942 _2ddc
_cREF
999 _c59647
_d59647